[Event "HUN-chT2 Breyer 1516"]
[Site "Hungary"]
[Date "2016.04.17"]
[Round "11.4"]
[White "Centgraf, Jozsef"]
[Black "Horvath, Istvan"]
[Result "1-0"]
[WhiteElo "2127"]
[BlackElo "2119"]
[PlyCount "151"]
[EventDate "2015.09.13"]
[EventType "team-tourn"]
[EventRounds "11"]
[EventCountry "HUN"]
[SourceTitle "EXT 2017"]
[Source "ChessBase"]
[SourceDate "2016.10.25"]
[SourceVersion "1"]
[SourceVersionDate "2016.10.25"]
[SourceQuality "1"]
[WhiteTeam "Nyergesujfalu"]
[BlackTeam "Sarkany DSE"]
[WhiteTeamCountry "HUN"]
[BlackTeamCountry "HUN"]

1. e4 e5 2. Nf3 Nc6 3. Bb5 Nf6 4. 0-0 d6 5. d4 exd4 6. Nxd4 Bd7 7. Nc3 Nxd4 8. Bxd7+ Qxd7 9. Qxd4 h6 10. Bf4 Be7 11. Rad1 Nh5 12. Bc1 Bf6 13. Qd5 Bxc3 14. Qxb7 0-0 15. bxc3 Rfe8 16. e5 Rad8 17. exd6 cxd6 18. Qf3 Re5 19. Rd4 Rf5 20. Qd3 Rf6 21. Rh4 Rf5 22. h3 Nf6 23. Rd4 d5 24. Re1 Re8 25. Rxe8+ Nxe8 26. c4 Nf6 27. cxd5 Rxd5 28. Rxd5 Nxd5 29. c4 Nf6 30. Qxd7 Nxd7 31. Be3 a6 32. Kf1 Kf8 33. Ke2 Ke7 34. Bd4 g6 35. Kd3 Ke6 36. Kc3 Kd6 37. Kb4 Nb8 38. Bg7 Nc6+ 39. Kc3 h5 40. Bf8+ Ke5 41. Kd3 f5 42. a3 g5 43. Bc5 g4 44. hxg4 fxg4 45. g3 Kf5 46. Bd4 Na5 47. Bb6 Nc6 48. Bc7 Ke6 49. Ke4 Kd7 50. Be5 Ke6 51. Bc3 Kd6 52. Bb4+ Ke6 53. Bc3 Kd6 54. Bd4 Ke6 55. Be3 Ne5 56. Kd4 Nd7 57. Bf4 Kf5 58. Be3 Ke6 59. c5 Ne5 60. Ke4 Nc6 61. Kf4 Kf6 62. Bc1 Ke6 63. Kg5 Ke5 64. Kxh5 Kf5 65. Bb2 Na5 66. Bc1 Nc6 67. Kh6 Kf6 68. Bb2+ Kf5 69. Kg7 Ke4 70. Kg6 Kf3 71. Kf5 a5 72. a4 Nb4 73. Bd4 Nd5 74. Ke5 Nb4 75. Kd6 Nc2 76. Be3 1-0

[Event "HUN-chT2 Breyer 1516"]
[Site "Hungary"]
[Date "2015.12.06"]
[Round "6.4"]
[White "Horvath, Istvan"]
[Black "Kovacs, David"]
[Result "0-1"]
[WhiteElo "2119"]
[BlackElo "2194"]
[PlyCount "56"]
[EventDate "2015.09.13"]
[EventType "team-tourn"]
[EventRounds "11"]
[EventCountry "HUN"]
[SourceTitle "CBM 170 Extra"]
[Source "ChessBase"]
[SourceDate "2016.02.25"]
[SourceVersion "1"]
[SourceVersionDate "2016.02.25"]
[SourceQuality "1"]
[WhiteTeam "Nyergesujfalu"]
[BlackTeam "Naszaly Geniusz Tata"]
[WhiteTeamCountry "HUN"]
[BlackTeamCountry "HUN"]

1. e4 e5 2. Nf3 Nc6 3. d4 exd4 4. Nxd4 Nf6 5. Nxc6 bxc6 6. Bd3 d5 7. exd5 cxd5 8. 0-0 Be7 9. Nc3 0-0 10. Ne2 c5 11. c3 Qb6 12. Ng3 g6 13. Re1 Re8 14. Bg5 Be6 15. Qf3 Kg7 16. Qf4 Qxb2 17. Rac1 Qb8 18. Qh4 Ng8 19. Bxe7 Rxe7 20. f4 Qe8 21. f5 Bd7 22. Rf1 f6 23. Rb1 Re3 24. Rbd1 g5 25. Qh3 Kh8 26. Bb1 Bb5 27. Qg4 Bxf1 28. Nxf1 h5 0-1

[Event "HUN-chT2 Breyer 1516"]
[Site "Hungary"]
[Date "2015.10.18"]
[Round "3.4"]
[White "Horvath, Istvan"]
[Black "Sallai, Kalman"]
[Result "1-0"]
[WhiteElo "2119"]
[BlackElo "2119"]
[PlyCount "33"]
[EventDate "2015.09.13"]
[EventType "team-tourn"]
[EventRounds "11"]
[EventCountry "HUN"]
[SourceTitle "CBM 170 Extra"]
[Source "ChessBase"]
[SourceDate "2016.02.25"]
[SourceVersion "1"]
[SourceVersionDate "2016.02.25"]
[SourceQuality "1"]
[WhiteTeam "Nyergesujfalu"]
[BlackTeam "TTC Sakk"]
[WhiteTeamCountry "HUN"]
[BlackTeamCountry "HUN"]

1. e4 c5 2. Nf3 e6 3. d4 cxd4 4. Nxd4 a6 5. Nc3 Qc7 6. a3 b5 7. Be3 b4 8. axb4 Bxb4 9. Ndb5 Qc6 10. Qd4 Bxc3+ 11. Qxc3 Kf8 12. Nc7 Bb7 13. Qxc6 Bxc6 14. Nxa8 Bxa8 15. f3 Bb7 16. Bf4 Nc6 17. Bd6+ 1-0

[Event "HUN-chT2 Breyer 1112"]
[Site "Hungary"]
[Date "2012.05.20"]
[Round "11.3"]
[White "Nadi, Ferenc"]
[Black "Horvath, Istvan"]
[Result "1/2-1/2"]
[WhiteElo "2096"]
[BlackElo "2119"]
[PlyCount "128"]
[EventDate "2011.09.25"]
[EventType "team-tourn"]
[EventRounds "11"]
[EventCountry "HUN"]
[SourceTitle "EXT 2013"]
[Source "ChessBase"]
[SourceDate "2012.11.22"]
[SourceVersion "1"]
[SourceVersionDate "2012.11.22"]
[SourceQuality "1"]
[WhiteTeam "MAV Elore"]
[BlackTeam "Zoltek"]
[WhiteTeamCountry "HUN"]
[BlackTeamCountry "HUN"]

1. d4 Nf6 2. Nf3 e6 3. c4 d5 4. Nc3 c6 5. cxd5 exd5 6. Bg5 Be7 7. e3 Ne4 8. Bxe7 Qxe7 9. Bd3 f5 10. 0-0 0-0 11. Ne5 Nd7 12. Nxd7 Bxd7 13. Qc2 h6 14. a3 Qg5 15. Ne2 Rae8 16. Nf4 Nf6 17. g3 Nh7 18. Qa4 a6 19. Qb4 Bc8 20. Be2 g6 21. Qd6 Qf6 22. Qxf6 Rxf6 23. Rfe1 Ng5 24. Nd3 Nf7 25. Rac1 Kg7 26. b4 Rfe6 27. Nc5 R6e7 28. a4 Nd6 29. Rb1 b6 30. Nxa6 Bxa6 31. Bxa6 Ra7 32. Bf1 Rxa4 33. Rec1 Rc8 34. Bg2 b5 35. Rc5 Kf7 36. Rxc6 Ke6 37. Rc5 Rxc5 38. dxc5 Nc4 39. Rd1 Rxb4 40. Bxd5+ Ke5 41. c6 Nb6 42. c7 Rb2 43. Bb7 Rc2 44. c8Q Nxc8 45. Rd5+ Kf6 46. Rxb5 Nd6 47. Rb6 Ke5 48. h4 g5 49. h5 g4 50. Rc6 Rb2 51. Rc5+ Kf6 52. Bd5 Rd2 53. Kg2 Kg5 54. e4 Kxh5 55. e5 Ne4 56. Bxe4 fxe4 57. e6+ Kg6 58. Re5 Rd8 59. Rxe4 Kf5 60. e7 Re8 61. Re3 Kf6 62. Re4 h5 63. f3 gxf3+ 64. Kxf3 Rxe7 1/2-1/2

[Event "HUN-chT2 Breyer 1112"]
[Site "Hungary"]
[Date "2012.03.11"]
[Round "7.4"]
[White "Horvath, Istvan"]
[Black "Gombocz, Ferenc"]
[Result "1/2-1/2"]
[WhiteElo "2180"]
[BlackElo "2051"]
[PlyCount "87"]
[EventDate "2011.09.25"]
[EventType "team-tourn"]
[EventRounds "11"]
[EventCountry "HUN"]
[SourceTitle "EXT 2013"]
[Source "ChessBase"]
[SourceDate "2012.11.22"]
[SourceVersion "1"]
[SourceVersionDate "2012.11.22"]
[SourceQuality "1"]
[WhiteTeam "Zoltek"]
[BlackTeam "Biatorbagy"]
[WhiteTeamCountry "HUN"]
[BlackTeamCountry "HUN"]

1. e4 c5 2. Nf3 Nc6 3. d4 cxd4 4. Nxd4 Nf6 5. Nc3 e5 6. Ndb5 d6 7. Bg5 a6 8. Na3 b5 9. Nd5 Be7 10. Bxf6 Bxf6 11. c3 Bg5 12. g3 Rb8 13. Nc2 0-0 14. Bg2 Be6 15. 0-0 f5 16. exf5 Bxf5 17. a4 bxa4 18. Nce3 Bxe3 19. Nxe3 Ne7 20. Rxa4 a5 21. Qd2 Be6 22. Bd5 Nxd5 23. Nxd5 Rb7 24. Rh4 Rbf7 25. c4 Qd7 26. Ne3 g5 27. Rh5 Rg7 28. h4 gxh4 29. Rxh4 Qd8 30. Rh6 Rg6 31. Rxg6+ hxg6 32. b3 Qb6 33. Nd5 Qd8 34. Qh6 Bf5 35. Ne3 Qf6 36. Nd5 Qd8 37. Qh4 Qxh4 38. gxh4 Bc2 39. b4 axb4 40. Nxb4 Bb3 41. Ra1 Bxc4 42. Ra7 Rf4 43. Rd7 Rxh4 44. Rxd6 1/2-1/2

[Event "HUN-chT2 Breyer 1011"]
[Site "Hungary"]
[Date "2011.05.15"]
[Round "11.3"]
[White "Horvath, Istvan"]
[Black "Torok, Adam"]
[Result "1/2-1/2"]
[WhiteElo "2130"]
[BlackElo "2117"]
[PlyCount "81"]
[EventDate "2010.09.12"]
[EventType "team-tourn"]
[EventRounds "11"]
[EventCountry "HUN"]
[SourceTitle "EXT 2012"]
[Source "ChessBase"]
[SourceDate "2011.11.24"]
[SourceVersion "1"]
[SourceVersionDate "2011.11.24"]
[SourceQuality "1"]
[WhiteTeam "Zoltek"]
[BlackTeam "Vizugy"]
[WhiteTeamCountry "HUN"]
[BlackTeamCountry "HUN"]

1. e4 c6 2. d4 d5 3. Nc3 dxe4 4. Nxe4 Nf6 5. Nxf6+ gxf6 6. Be3 Bf5 7. Bd3 Bxd3 8. Qxd3 e6 9. Ne2 Bd6 10. 0-0-0 Qa5 11. Kb1 Nd7 12. c4 0-0-0 13. Qb3 Qf5+ 14. Ka1 Bc7 15. d5 c5 16. Nc3 Rhg8 17. Qa3 Bb6 18. Nb5 Kb8 19. Nd6 Qh5 20. Ne4 Qe5 21. Nxc5 Bxc5 22. Bxc5 Nxc5 23. Qxc5 Rxg2 24. Rhe1 Qd6 25. Qd4 exd5 26. cxd5 Rg5 27. Qh4 Rxd5 28. Rxd5 Qxd5 29. a3 h5 30. Qxf6 a6 31. Qe5+ Ka7 32. f4 h4 33. Qe3+ Qd4 34. Qe7 Qf2 35. Qe3+ Qxe3 36. Rxe3 Rd1+ 37. Ka2 Rf1 38. Re4 Rf2 39. f5 h3 40. Rh4 Rxh2 41. Rh7 1/2-1/2

[Event "HUN-chT2 Breyer 1011"]
[Site "Hungary"]
[Date "2011.04.17"]
[Round "9.4"]
[White "Roos, Jean Luc"]
[Black "Horvath, Istvan"]
[Result "1/2-1/2"]
[WhiteElo "2240"]
[BlackElo "2193"]
[PlyCount "120"]
[EventDate "2010.09.12"]
[EventType "team-tourn"]
[EventRounds "11"]
[EventCountry "HUN"]
[SourceTitle "EXT 2012"]
[Source "ChessBase"]
[SourceDate "2011.11.24"]
[SourceVersion "1"]
[SourceVersionDate "2011.11.24"]
[SourceQuality "1"]
[WhiteTeam "Sarkany"]
[BlackTeam "Zoltek"]
[WhiteTeamCountry "HUN"]
[BlackTeamCountry "HUN"]

1. e4 e5 2. Nf3 Nc6 3. Bc4 Be7 4. d4 exd4 5. Nxd4 Nf6 6. Nc3 d6 7. 0-0 0-0 8. Re1 Nxd4 9. Qxd4 Be6 10. Bxe6 fxe6 11. e5 Nd7 12. exd6 Bxd6 13. Qg4 Ne5 14. Qh3 Qe7 15. Ne4 Rae8 16. Bg5 Qf7 17. Be3 Qg6 18. Nxd6 cxd6 19. Re2 b6 20. Qg3 Qxg3 21. hxg3 Nc4 22. b3 Nxe3 23. Rxe3 d5 24. Rd1 Rc8 25. c3 Rc6 26. Rdd3 Rfc8 27. f4 h5 28. Kf2 g6 29. Ke2 Kf7 30. Kd2 b5 31. Re2 a5 32. a3 Kf6 33. Rde3 R8c7 34. Rd3 Rh7 35. Rd4 h4 36. gxh4 Rxh4 37. a4 Rc5 38. axb5 Rxb5 39. Kc2 Rh8 40. Re3 Rhb8 41. c4 Rb4 42. Red3 Rc8 43. Kc3 Kf5 44. Re3 Rc6 45. g3 Kg4 46. Re5 Kxg3 47. Rg5+ Kf3 48. Rxg6 dxc4 49. bxc4 Rcb6 50. Rg5 a4 51. Ra5 Rb3+ 52. Kc2 Ke3 53. Rd8 a3 54. Rb5 R3xb5 55. cxb5 a2 56. Ra8 Rxb5 57. Rxa2 Rb4 58. Ra3+ Ke2 59. Ra5 Kf3 60. f5 exf5 1/2-1/2

[Event "HUN-chT2 Maroczy 1011"]
[Site "Hungary"]
[Date "2011.04.10"]
[Round "8"]
[White "Abel, Lajos"]
[Black "Horvath, Istvan"]
[Result "1-0"]
[WhiteElo "2261"]
[BlackElo "2193"]
[PlyCount "78"]
[EventDate "2010.09.12"]
[EventType "team-tourn"]
[EventRounds "11"]
[EventCountry "HUN"]
[SourceTitle "EXT 2012"]
[Source "ChessBase"]
[SourceDate "2011.11.24"]
[SourceVersion "1"]
[SourceVersionDate "2011.11.24"]
[SourceQuality "1"]
[WhiteTeam "TLSE"]
[BlackTeam "Lila Futo"]
[WhiteTeamCountry "HUN"]
[BlackTeamCountry "HUN"]

1. d4 Nf6 2. Nf3 e6 3. Bf4 c5 4. c3 Qb6 5. Qb3 Nc6 6. e3 d5 7. Nbd2 c4 8. Qc2 Nh5 9. b3 cxb3 10. axb3 Nxf4 11. exf4 Qc7 12. g3 Be7 13. Bd3 g6 14. 0-0 Bd7 15. Rfe1 a6 16. h4 Rc8 17. Rec1 f5 18. Kg2 Qd8 19. Qd1 0-0 20. Qe2 Bf6 21. Qe3 h6 22. Be2 Bg7 23. b4 Qe7 24. Nb3 Be8 25. Nc5 Bf7 26. Nxb7 Qxb7 27. Bxa6 Qb6 28. Bxc8 Rxc8 29. Qd3 Na7 30. Ra5 Rb8 31. Qe3 Nb5 32. Ne5 Be8 33. Rca1 Qc7 34. Ra8 Rc8 35. Nd3 Rxa8 36. Rxa8 Qc6 37. Rb8 Kf7 38. Nc5 Nc7 39. Qe2 Bf8 1-0

[Event "HUN-chT2 Breyer 0708"]
[Site "Hungary"]
[Date "2008.03.30"]
[Round "9"]
[White "Vass, Istvan"]
[Black "Horvath, Istvan"]
[Result "1/2-1/2"]
[WhiteElo "2098"]
[BlackElo "2195"]
[PlyCount "55"]
[EventDate "2007.10.14"]
[EventType "team"]
[EventRounds "11"]
[EventCountry "HUN"]
[SourceTitle "EXT 2009"]
[Source "ChessBase"]
[SourceDate "2008.11.26"]
[SourceVersion "1"]
[SourceVersionDate "2008.11.26"]
[SourceQuality "1"]
[WhiteTeam "MAFC"]
[BlackTeam "Zoltek"]
[WhiteTeamCountry "HUN"]
[BlackTeamCountry "HUN"]

1. e4 e5 2. Nf3 Nc6 3. Bc4 Nf6 4. d3 Bc5 5. 0-0 d6 6. Nc3 a6 7. a3 Be6 8. Bxe6 fxe6 9. Ne2 0-0 10. Ng3 Qe8 11. Be3 Bxe3 12. fxe3 Nh5 13. Qe1 Rf6 14. Nxh5 Qxh5 15. Qh4 Qg6 16. Nd2 Raf8 17. Rxf6 Rxf6 18. Rf1 Rxf1+ 19. Nxf1 Qf6 20. Qg4 Ne7 21. Nd2 d5 22. Nf3 h6 23. exd5 exd5 24. Qd7 Qd6 25. Qe8+ Kh7 26. Qh5 Ng6 27. Qf5 Qf6 28. Qxf6 1/2-1/2

[Event "HUN-chT2 Breyer 0708"]
[Site "Hungary"]
[Date "2008.03.16"]
[Round "8"]
[White "Horvath, Istvan"]
[Black "Sandor, Jozsef"]
[Result "1/2-1/2"]
[WhiteElo "2195"]
[BlackElo "2117"]
[PlyCount "154"]
[EventDate "2007.10.14"]
[EventType "team"]
[EventRounds "11"]
[EventCountry "HUN"]
[SourceTitle "EXT 2009"]
[Source "ChessBase"]
[SourceDate "2008.11.26"]
[SourceVersion "1"]
[SourceVersionDate "2008.11.26"]
[SourceQuality "1"]
[WhiteTeam "Esztergom"]
[BlackTeam "MAFC"]
[WhiteTeamCountry "HUN"]
[BlackTeamCountry "HUN"]

1. e4 d6 2. d4 Nf6 3. Nc3 e5 4. d5 Be7 5. Be2 Nbd7 6. g4 h6 7. Be3 Nc5 8. f3 Nh7 9. Bb5+ Bd7 10. Bxd7+ Nxd7 11. Nge2 Ng5 12. Ng3 Nh3 13. Qd2 Bg5 14. 0-0-0 Bxe3 15. Qxe3 Qg5 16. Rde1 Nb6 17. b3 g6 18. Kb2 Qxe3 19. Rxe3 Kd7 20. a4 a6 21. Rf1 Raf8 22. a5 Nc8 23. Nce2 Nf4 24. Rc3 Nxe2 25. Nxe2 f5 26. gxf5 gxf5 27. Rg1 f4 28. Rg7+ Ne7 29. Rxe7+ Kxe7 30. Rxc7+ Kf6 31. Rd7 Rd8 32. Rxb7 Rb8 33. Ra7 Ra8 34. Rd7 Rad8 35. Rxd8 Rxd8 36. Nc1 Rg8 37. Nd3 Rg2 38. h4 Rg3 39. Nb4 Rxf3 40. Nxa6 Re3 41. Nb4 f3 42. a6 f2 43. a7 f1Q 44. a8Q Kg6 45. Qe8+ Qf7 46. h5+ Kg7 47. Qd8 Qf6 48. Qd7+ Kh8 49. Qc8+ Kh7 50. Qc7+ Qg7 51. Qxd6 Rxe4 52. Nc6 Re2 53. b4 e4+ 54. Qe5 Qxe5+ 55. Nxe5 Rd2 56. Ng4 Kg7 57. Ne3 Re2 58. d6 Kf7 59. Nf5 Rd2 60. Kc3 Rd5 61. Nxh6+ Ke6 62. Ng4 Rxh5 63. Kd4 Kxd6 64. c4 Rh1 65. Nf2 e3 66. Ne4+ Ke6 67. Nc5+ Kd6 68. Kxe3 Rh4 69. Kd3 Ke5 70. Nb3 Rh3+ 71. Kc2 Rh4 72. Kc3 Rh3+ 73. Kb2 Rh4 74. Na5 Rh3 75. b5 Kd4 76. b6 Rh6 77. b7 Rb6+ 1/2-1/2

[Event "HUN-chT2 Charousek 0607"]
[Site "Hungary"]
[Date "2007.04.29"]
[Round "9"]
[White "Horvath, Istvan"]
[Black "Horvath, Gabor2222"]
[Result "0-1"]
[WhiteElo "2202"]
[BlackElo "2233"]
[PlyCount "58"]
[EventDate "2006.11.12"]
[EventType "team"]
[EventRounds "11"]
[EventCountry "HUN"]
[SourceTitle "EXT 2008"]
[Source "ChessBase"]
[SourceDate "2007.11.25"]
[SourceVersion "1"]
[SourceVersionDate "2007.11.25"]
[SourceQuality "1"]
[WhiteTeam "Penzugyor"]
[BlackTeam "Decs"]
[WhiteTeamCountry "HUN"]
[BlackTeamCountry "HUN"]

1. e4 c5 2. Nc3 Nc6 3. g3 g6 4. Bg2 Bg7 5. d3 d6 6. Bg5 Rb8 7. Qd2 b5 8. h3 b4 9. Nd1 Qb6 10. Be3 e6 11. Ne2 Ba6 12. 0-0 Nge7 13. Bh6 0-0 14. Bxg7 Kxg7 15. Ne3 Nd4 16. Nf4 Rfc8 17. c3 bxc3 18. bxc3 Ndc6 19. Ng4 Ng8 20. Rfd1 Qb2 21. Qe1 Qa3 22. d4 cxd4 23. cxd4 Nb4 24. Ne3 Nc2 25. Nxc2 Rxc2 26. e5 d5 27. Rd2 Rbb2 28. Rxc2 Rxc2 29. Qb1 Qc3 0-1